Procesy na báze formaldehydu s aldehydmi a ketónmi v zásaditom prostredí : (3.12.1987 /

Na minha lista:
Detalhes bibliográficos
Autor principal: Koudelka, Ladislav (Author)
Formato: Manuscrito Livro
Publicado em: Bratislava : SVŠT v Bratislave ChtF, 1986
Tags: Adicionar Tag
Sem tags, seja o primeiro a adicionar uma tag!

MARC

LEADER 00000ntm a22000003a 4500
001 stu20643
005 20150617225749.3
008 ------s1986----cs----------------------d
040 |a STU  |b slo 
041 0
044 |a cs 
080 |a 547.07/043.3/ 
100 1 |a Koudelka, Ladislav  |4 aut 
245 1 |a Procesy na báze formaldehydu s aldehydmi a ketónmi v zásaditom prostredí :  |b (3.12.1987 /  |c [aut.]Koudelka,Ladislav 
260 |a Bratislava :  |b SVŠT v Bratislave ChtF,  |c 1986 
300 |a 180 s :  |b Obr.,lit 
996 |b CDD5  |c C*DD5  |l CCI  |s A  |a 24  |w stu20643_0001